Good governance and social responsibility : (Record no. 98761)
[ view plain ]
| 000 -LEADER | |
|---|---|
| fixed length control field | 00917nam a22002537a 4500 |
| 003 - CONTROL NUMBER IDENTIFIER | |
| control field | URS |
| 005 - DATE AND TIME OF LATEST TRANSACTION | |
| control field | 20260223164111.0 |
| 008 - FIXED-LENGTH DATA ELEMENTS--GENERAL INFORMATION | |
| fixed length control field | 260218t2023 ph ||||| |||| 001 0 eng d |
| 020 ## - INTERNATIONAL STANDARD BOOK NUMBER | |
| International Standard Book Number | 9786210800463 |
| 040 ## - CATALOGING SOURCE | |
| Original cataloging agency | DLC |
| Language of cataloging | eng |
| Transcribing agency | DLC |
| Modifying agency | DLC |
| -- | URS |
| Description conventions | rda |
| 082 ## - DEWEY DECIMAL CLASSIFICATION NUMBER | |
| Classification number | 351.7092 |
| Item number | C1574 2023 |
| 100 ## - MAIN ENTRY--PERSONAL NAME | |
| Personal name | Campos, Jofrey R., |
| Relator term | auhtors. |
| 245 ## - TITLE STATEMENT | |
| Title | Good governance and social responsibility : |
| Remainder of title | a philosophical and business approach / |
| Statement of responsibility, etc. | Jofrey r. Campos, and Josephine Diana S. Campos. |
| 264 ## - PRODUCTION, PUBLICATION, DISTRIBUTION, MANUFACTURE, AND COPYRIGHT NOTICE | |
| Place of production, publication, distribution, manufacture | Malabon, City: |
| Name of producer, publisher, distributor, manufacturer | Mutya Publishing House. Inc., |
| Date of production, publication, distribution, manufacture, or copyright notice | [2023] |
| 300 ## - PHYSICAL DESCRIPTION | |
| Extent | x, 156 pages; |
| Dimensions | 26 cm. |
| 336 ## - CONTENT TYPE | |
| Source | rdacontent |
| Content type term | text |
| Content type code | txt |
| 337 ## - MEDIA TYPE | |
| Source | rdamedia |
| Media type term | unmediated |
| Media type code | n |
| 338 ## - CARRIER TYPE | |
| Source | rdacarrier |
| Carrier type term | volume |
| Carrier type code | nc |
| 504 ## - BIBLIOGRAPHY, ETC. NOTE | |
| Bibliography, etc. note | Includes bibliographical references (pages 148-156), and indexes. |
| 650 ## - SUBJECT ADDED ENTRY--TOPICAL TERM | |
| Topical term or geographic name entry element | Good governance. |
| 650 ## - SUBJECT ADDED ENTRY--TOPICAL TERM | |
| Topical term or geographic name entry element | Social responsibility. |
| 700 ## - ADDED ENTRY--PERSONAL NAME | |
| Personal name | Campos, Josephine Diana S., |
| Relator term | authors. |
| 942 ## - ADDED ENTRY ELEMENTS (KOHA) | |
| Source of classification or shelving scheme | Dewey Decimal Classification |
| Koha item type | Filipiniana |
| Withdrawn status | Source of classification or shelving scheme | Damaged status | Not for loan | Home library | Current library | Shelving location | Date acquired | Total Checkouts | Full call number | Barcode | Date last seen | Price effective from | Koha item type |
|---|---|---|---|---|---|---|---|---|---|---|---|---|---|
| Dewey Decimal Classification | Pililla College Library | Pililla College Library | Filipiniana Section | 02/18/2026 | 351.7092 C1574 2023 | URSPIL-7435 | 02/18/2026 | 02/18/2026 | Filipiniana |